000 00268nam a2200109Ia 4500
008 200302s9999 xx 000 0 und d
100 _aRoberta M. Paine
245 _aLooking At Architecture
260 _bLothrop, Lee & Shepard Co.
260 _c1974
300 _a127 P.,
999 _c2242
_d2242